000
00268nam a22001217a 4500
008
170707b xxu||||| |||| 00| 0 eng d
041
_a
eng
080
_a
82
100
_a
22
101
_a
GJL
245
_a
THE MAJOR WORKS OF SIGMUND FREUD
_c
FREUD,S
942
_2
udc
_c
BK
999
_c
20059
_d
20059